000 00558nam a2200157 a 4500
008 120416s0000 ||||||||||||||||| || u
020 _a0821323326
050 _aIBRD(08)TP
100 _aTeerink, John R
245 1 0 _aWater allocation, rights, and pricing
246 _aexamples from Japan and the United States
260 _aWashington, D. C.
_bWorld Bank
_c1993
300 _av, 68p. : ill.
350 _a0.00
995 _D0.00
_FCBU-MAIN LIBRARY (Kitwe)
_H1
_I0.00
_UAVAILABLE
_ZInternational Publications
999 _c61456
_d61456